La agricultura murciana (Registro nro. 118030)
[ vista simple ]
| 000 -CABECERA | |
|---|---|
| campo de control de longitud fija | 00701nam a2200217 4500 |
| 001 - NÚMERO DE CONTROL | |
| campo de control | 118030 |
| 003 - IDENTIFICADOR DEL NÚMERO DE CONTROL | |
| campo de control | ES-MaBCM |
| 005 - FECHA Y HORA DE LA ÚLTIMA TRANSACCIÓN | |
| campo de control | 20241016143328.0 |
| 008 - CÓDIGOS DE INFORMACIÓN DE LONGITUD FIJA | |
| campo de control de longitud fija | 051205s1969 esp spa d |
| 017 ## - NÚMERO DE COPYRIGHT O DE DEPÓSITO LEGAL | |
| Depósito legal | MU.207-1969 |
| 021 ## - | |
| -- | xx |
| 035 ## - NÚMERO DE CONTROL DEL SISTEMA | |
| Número de control de sistema | (OCoLC)433953658 |
| 040 ## - FUENTE DE LA CATALOGACIÓN | |
| Centro transcriptor | ES-MaBCM |
| 041 0# - CÓDIGO DE LENGUA | |
| Código de lengua del texto/banda sonora o título independiente | spa |
| 245 03 - MENCIÓN DE TÍTULO | |
| Título | La agricultura murciana |
| Resto del título | : sus problemas y soluciones, término municipal de Murcia |
| Mención de responsabilidad etc. | [preparación, dirección y revisión de los Sres. A. Ortuño, M.G. Guillén y J.A. Sánchez] |
| 260 ## - PUBLICACIÓN, DISTRIBUCIÓN, ETC. (PIE DE IMPRENTA) | |
| Lugar de publicación distribución etc. | Murcia : |
| Nombre del editor distribuidor etc. | Hermandad Sindical, |
| Fecha de publicación distribución etc. | 1969 |
| 300 ## - DESCRIPCIÓN FÍSICA | |
| Extensión | 208 p., 3 h. |
| Dimensiones | 25 cm |
| 700 1# - PUNTO DE ACCESO ADICIONAL--NOMBRE DE PERSONA | |
| Nombre de persona | Ortuño Martínez, Ángel |
| 9 (RLIN) | 66519 |
| 700 1# - PUNTO DE ACCESO ADICIONAL--NOMBRE DE PERSONA | |
| Nombre de persona | Guillén López, M. G. |
| 9 (RLIN) | 66520 |
| 942 ## - ELEMENTOS DE PUNTO DE ACCESO ADICIONAL (KOHA) | |
| Tipo de ítem Koha | Libros |
| Estado de retiro | Estado de pérdida | Fuente del sistema de clasificación o colocación | Estado dañado | No para préstamo | Localización permanente | Ubicación/localización actual | Ubicación en estantería | Fecha de adquisición | Número de inventario | Número de registro | Signatura topográfica completa | Código de barras | Precio válido a partir de | Tipo de ítem Koha |
|---|---|---|---|---|---|---|---|---|---|---|---|---|---|---|
| Biblioteca Central del Ministerio de la Presidencia | Biblioteca Central del Ministerio de la Presidencia | Sala | 05/12/2005 | 11516 | 11516 | 9228 | 1025750 | 05/12/2005 | Libros |
